000 00694nam a22001817a 4500
005 20251108164251.0
008 250721s1983 xx 000 0 ara d
082 1 4 _a350.7209565/ناء
100 1 _aعواملة، نائل
245 1 0 _aالإدارة المالية العامة في النظرية و التطبيق :
_bالإدارة المالية العامة في المملكة الأردنية الهاشمية ... /
264 1 _aعمان :
_bدار الفرقان للنشر والتوزيع،
_c1983.
300 _a234ص.
650 1 7 _aالإدارة المالية
650 1 7 _aالأردن
650 1 7 _aالميزانية العامة
942 _2ddc
_cBK
999 _c7882
_d7882